[Event "It (cat.7)"]
[Site "masterchessopen.com Budapest (Hungary)"]
[Date "2005.12.13"]
[Round "9"]
[White "Ilincic Zlatko (SRB)"]
[Black "Kargin Arseny (RUS)"]
[Result "1-0"]
[WhiteElo "2540"]
[BlackElo "2406"]

{ Ilincic Zlatko (SCG) +3 =15 -0 Kargin Arseny (RUS) +0 =2 -0 } 1.d4 d5 2.c4
c6 3.Nf3 Nf6 4.e3 Bf5 5.Bd3 Bxd3 6.Qxd3 e6 7.O-O Nbd7 8.Nbd2 ( 8.Nc3 Bb4 9.Bd2
Qa5 10.cxd5 cxd5 11.Nb5 Bxd2 12.Nxd2 O-O 13.Nb3 Qb6 14.Rfc1 Rfc8 15.Rxc8+ Rxc8
16.Nc3 { 1/2-1/2, Ilincic Zlatko 2540 - Seres Lajos 2396 , Budapest 11.11.2005
It (cat.7) } ) 8...Bd6 9.e4 dxe4 10.Nxe4 Nxe4 11.Qxe4 O-O 12.Bg5 Be7 { ?/= } (
12...Nf6 13.Qe2 h6 14.Bh4 Be7 15.Rfd1 Re8 16.Ne5 Nd7 17.Qh5 Rf8 18.Bxe7 Qxe7
19.Nxd7 Qxd7 20.Rd3 b5 21.b3 Rfd8 22.Rad1 bxc4 23.bxc4 Rab8 24.h3 Qe7 25.Rg3
Kh8 26.Qe5 Qf8 27.Qc7 Rdc8 28.Qxa7 Ra8 29.Qd7 Rxa2 30.Rf3 Rd8 31.Qxc6 Kg8
32.d5 { ...1-0, Ilincic Zlatko 2522 - Drazic Sinisa 2495 , Novi Sad 2003 It
(cat.9) } ) 13.Bf4 ( 13.Bd2 a5 14.Rfd1 a4 15.Bc3 Qc7 16.Rac1 Rfe8 17.Rd3 Bf6
18.h3 h6 19.Re3 Red8 20.Rd1 a3 21.b3 b5 22.Nh2 bxc4 23.bxc4 c5 24.d5 Bxc3
25.Rxc3 Nf6 26.Qf3 exd5 27.cxd5 Qe5 28.Ng4 Nxg4 29.hxg4 Ra6 30.Rxa3 Rad6
31.Rad3 c4 32.Rd4 Rc8 { ...1-0, Evelev Vladimir M 2434 - Najer Evgeniy 2624 ,
Internet 21.10.2004 Cup Russia "Chess Planet" (3 final) (blitz) } ) 13...a5 (
13...Nf6 14.Qe2 c5 15.Rfd1 cxd4 16.Nxd4 Qb6 17.Rd3 Rfd8 18.Rad1 Rac8 19.b3 a6
20.h3 Bc5 21.Be3 Rd7 22.Nc2 Rcd8 23.Rxd7 Rxd7 24.Rxd7 Nxd7 25.b4 Bxe3 26.Qxe3
Qc6 27.Qd3 h6 28.c5 Nf6 29.Ne3 Nd5 30.Nxd5 exd5 31.a3 a5 32.g3 axb4 33.axb4 {
...1/2-1/2, Salov Valery 2655 - Shirov Alexei 2710 , Dortmund 1992 It (cat.17)
} ) ( 13...Qa5 14.Rfe1 Rad8 15.a3 Rfe8 16.h3 Qa4 17.Rac1 Nf6 18.Qe3 Rc8 19.Ne5
c5 20.dxc5 Bxc5 21.Qf3 Qa6 22.Bg5 Be7 23.c5 Qb5 24.b4 Rcd8 25.Red1 h6 26.Bf4
Rxd1+ 27.Rxd1 a5 28.c6 { 1/2-1/2, Ulibin Mikhail 2583 - Akopian Vladimir 2660
, Dubai 2000 It (open) } ) ( 13...Re8 14.Rfd1 Nf6 15.Qe2 Qb6 16.Rd3 Qa5 17.Rb3
Qf5 18.Bg3 { +0.11 CAP } ) 14.Rad1 ( 14.Rfd1 a4 15.Rab1 Qa5 16.h3 Rfe8 17.Qc2
h6 18.b3 axb3 19.axb3 Red8 20.Bc1 Bd6 21.Bb2 Qh5 22.Ra1 Nf8 23.Rxa8 Rxa8
24.Qc3 Be7 25.Kh2 Qf5 26.Qd3 Qxd3 27.Rxd3 Ra2 28.Rd2 Bb4 29.Bc3 Bd6+ 30.g3 Ra3
31.Rb2 Nd7 32.Nd2 Be7 33.Kg2 b5 { ...1/2-1/2, Portisch Lajos 2600 - Gurevich
Mikhail 2605 , Jakarta 1996 It (cat.13) } ) ( 14.Rfe1 a4 15.Re3 Re8 16.Rae1
Nf6 17.Qc2 b5 18.Be5 h6 19.h3 bxc4 20.Qxc4 Qd5 21.Rc1 Rec8 22.Rec3 Qa5 23.Qe2
Qd5 24.a3 Nd7 25.Qc2 c5 26.Bf4 Bf6 27.Rc4 Qb7 28.dxc5 Qxb2 29.Qd3 Qb5 30.Bd6
Qb3 31.Qe4 Qxa3 32.Qb7 Nxc5 33.Bxc5 Qb2 { ...1/2-1/2, Pira Davoud 2399 -
Laurent Bruno 2317 , Bogny sur Meuse 2002 It (cat.8) } ) ( 14.Qc2 { +0.80 CAP
} ) 14...a4 { +0.85 CAP } ( 14...Nf6 15.Qd3 a4 { +0.11 CAP } ) 15.Qe2 { N } (
15.h3 Qa5 16.Ne5 Rad8 17.Rd3 Nf6 18.Qe2 c5 19.Rfd1 cxd4 20.Rxd4 Bc5 21.Rxd8
Rxd8 22.Rxd8+ Qxd8 23.Bg5 Be7 24.b3 a3 25.g3 Qd4 26.Nd3 { 1/2-1/2, Eperjesi
Laszlo 2271 - Papista Akos 2159 , Hungary 21. 4.2002 Ch Hungary (team) 2001/02
(2 liga) } ) 15...Nf6 16.Rd3 b5 17.b3 axb3 18.axb3 Ra3 19.Ne5 Qb6 20.g4 Qb7
21.g5 bxc4 22.Rh3 Nd5 { ? } ( 22...Rxb3 { !? } 23.gxf6 Rxh3 24.Qg4 Bxf6 { } )
23.Qh5 h6 24.gxh6 Nxf4 25.Qxf7+ { } {#r} 1-0

[Event "Ch Australia (juniors)"]
[Site "masterchessopen.com Brisbane (Australia)"]
[Round "2"]
[White "Oliver Gareth (AUS)"]
[Black "Van Dijk Devrim (AUS)"]
[Result "1-0"]
[WhiteElo "2146"]
[BlackElo "1942"]

1.d4 d5 2.c4 c6 3.Nf3 Nf6 4.e3 Bf5 5.Nc3 e6 6.Be2 dxc4 7.Bxc4 Be7 8.O-O Nbd7
9.Re1 O-O 10.a4 Bb4 11.Bd3 Bg4 12.e4 e5 13.Qb3 Qa5 14.Nxe5 Nxe5 15.dxe5 Nd7
16.Bb1 Be6 17.Qc2 Nxe5 18.f4 Bc5+ 19.Kh1 Ng4 20.h3 Nf2+ 21.Kh2 Qd8 22.Kg3 Be7
23.Kxf2 Bc5+ 24.Kg3 f5 25.e5 {#r} 1-0

[Event "It (w)"]
[Site "masterchessopen.com St.Petersburg (Russia)"]
[Date "2006.01.17"]
[Round "1"]
[White "Gromova Iulia (RUS)"]
[Black "Doluhanova Evgeniya (UKR)"]
[Result "1-0"]
[WhiteElo "2235"]
[BlackElo "2219"]

1.d4 d5 2.c4 c6 3.Nf3 Nf6 4.e3 Bf5 5.cxd5 Nxd5 6.Nc3 Nxc3 7.bxc3 g6 8.Bc4 b5
9.Bb3 Bg7 10.e4 Bc8 11.Ng5 e6 12.Qf3 Qf6 13.Qh3 Nd7 14.e5 Nxe5 15.Ne4 Qe7
16.dxe5 Bxe5 17.O-O c5 18.Bg5 f6 19.f4 {#r} 1-0

[Event "Ch USA (Gr A)"]
[Site "masterchessopen.com San Diego (USA)"]
[Date "2006.03.09"]
[Round "7"]
[White "Baginskaite Camilla (USA)"]
[Black "Lenderman Alex (USA)"]
[Result "1-0"]
[WhiteElo "2315"]
[BlackElo "2414"]

1.d4 d5 2.c4 c6 3.Nf3 Nf6 4.e3 Bf5 5.Nc3 e6 6.Nh4 Bg4 7.Qb3 Qb6 8.h3 Bh5 9.g4
Bg6 10.Nxg6 hxg6 11.Bg2 Nbd7 12.Bd2 Qa6 13.cxd5 Nxd5 14.O-O-O Be7 15.f4 N7f6
16.e4 Nxc3 17.Bxc3 O-O-O 18.Rhe1 Kb8 19.Kb1 Rd7 20.d5 exd5 21.g5 Nh5 22.exd5
c5 23.d6 Bd8 24.Bf1 {#r} 1-0

[Event "Ch Finland (team) 2005/06"]
[Site "masterchessopen.com Finland"]
[Date "2006.03.12"]
[Round "9"]
[White "Johansson Jukka (FIN)"]
[Black "Paasikangas-T Johanna (FIN)"]
[Result "0-1"]
[WhiteElo "2113"]
[BlackElo "2306"]

1.d4 d5 2.c4 c6 3.Nf3 Nf6 4.e3 Bf5 5.cxd5 cxd5 6.Qb3 Qc8 7.Nc3 e6 8.Bd2 Nc6
9.Rc1 Be7 10.Ne5 O-O 11.Bb5 Bd6 12.Bxc6 bxc6 13.Nb5 Bxe5 14.dxe5 Ne4 15.Bb4
cxb5 16.Rxc8 Rfxc8 17.Ke2 a5 18.Bd6 a4 19.Qd1 a3 20.Qb3 axb2 21.Bb4 Rc1 22.Rd1
Rxd1 {#R} 0-1

[Event "Ch France (team) 2006"]
[Site "masterchessopen.com France"]
[Date "2006.04.01"]
[Round "6"]
[White "Spielmann Alain (FRA)"]
[Black "Eliet Nicolas (FRA)"]
[Result "0-1"]
[WhiteElo "2247"]
[BlackElo "2439"]

1.Nf3 d5 2.d4 Nf6 3.c4 c6 4.e3 Bf5 5.Nc3 e6 6.Nh4 g6 7.Qb3 Qc7 8.Nxg6 hxg6
9.Bd2 Nbd7 10.h3 Be7 11.Be2 Nb6 12.cxd5 exd5 13.O-O-O a5 {#R} 0-1

[Event "It (cat.8)"]
[Site "masterchessopen.com Budapest (Hungary)"]
[Date "2006.04.04"]
[Round "4"]
[White "Sendur Adnan (TUR)"]
[Black "Seres Lajos (HUN)"]
[Result "1-0"]
[WhiteElo "2402"]
[BlackElo "2444"]

1.d4 d5 2.c4 c6 3.Nf3 Nf6 4.e3 Bf5 5.Bd3 Bxd3 6.Qxd3 e6 7.O-O Be7 8.Nbd2 O-O
9.Rd1 Nbd7 10.e4 dxc4 11.Nxc4 Qc7 12.Bg5 Rac8 13.e5 Nd5 14.Bxe7 Nxe7 15.Nd6
Rcd8 16.Ng5 Ng6 17.h4 h6 18.Ngxf7 Rxf7 19.Qxg6 Re7 20.Rac1 Nb6 21.Rc3 Rf8
22.Rg3 Kh8 23.Rdd3 Nd5 24.Rdf3 Rf4 25.Ne8 Qd7 26.Nf6 {#r} 1-0

[Event "Ch Hessen (a)"]
[Site "masterchessopen.com Marburg (Germany)"]
[Date "2006.04.12"]
[Round "6"]
[White "Rubel Julian (GER)"]
[Black "Lange Klaus (GER)"]
[Result "1-0"]
[WhiteElo "2107"]
[BlackElo "2177"]

1.d4 d5 2.c4 c6 3.Nf3 Nf6 4.e3 Bf5 5.cxd5 cxd5 6.Qb3 Qc8 7.Bd2 e6 8.Bb5+ Nc6
9.O-O Be7 10.Bb4 O-O 11.Bxc6 Bxb4 12.Qxb4 Qxc6 13.Ne5 Qc7 14.Nc3 Rfc8 15.a4 a5
16.Qa3 Ne4 17.Rac1 Nd2 18.Nxd5 exd5 19.Rxc7 Rxc7 20.Rd1 Rc2 21.h3 Ne4 22.Qb3
Nxf2 23.Qxb7 Rac8 24.Qxf7+ Kh8 25.Rf1 {#r} 1-0

[Event "It (cat.3)"]
[Site "masterchessopen.com Edmonton (Canada)"]
[Date "2006.04.15"]
[Round "5"]
[White "Haessel Dale R (CAN)"]
[Black "Lee Vicente (CAN)"]
[Result "0-1"]
[WhiteElo "2176"]
[BlackElo "2236"]

1.d4 d5 2.c4 c6 3.e3 Nf6 4.Nf3 Bf5 5.Qb3 Qc7 6.Nc3 e6 7.Bd2 Nbd7 8.Rc1 Qb6
9.Be2 h6 10.O-O Be7 11.Be1 O-O 12.Nd2 Rfe8 13.f3 Bh7 14.Bf2 Qxb3 15.Nxb3 Bd6
16.Rfd1 Kf8 17.Bg3 Ke7 18.Nd2 Bxg3 19.hxg3 Rg8 20.Kf2 Nb8 21.Nb3 Nbd7 22.g4
Bg6 23.cxd5 cxd5 24.Ra1 Bc2 {#R} 0-1

[Event "Ch Arab Clubs (team)"]
[Site "masterchessopen.com Amman (Iordania)"]
[Round "2"]
[White "Othman A Moussa (UAE)"]
[Black "Ismail Hamed (EGY)"]
[Result "1-0"]
[WhiteElo "2335"]
[BlackElo "2334"]

1.d4 d5 2.c4 c6 3.Nf3 Nf6 4.e3 Bf5 5.cxd5 cxd5 6.Nc3 e6 7.Ne5 Nbd7 8.g4 Bg6
9.h4 h5 10.Nxg6 fxg6 11.g5 Ng8 12.Qd3 Ne7 13.e4 Qb6 14.Bg2 dxe4 15.Qxe4 Qc6
16.Qxc6 Nxc6 17.d5 exd5 18.O-O O-O-O 19.Bf4 Nde5 20.Nxd5 Bd6 21.Rac1 Kb8
22.Rc3 Bf8 23.Be3 Ng4 {#r} 1-0

[Event "Tournament \"]
[Site "masterchessopen.com Suzhou (China)"]
[Date "2006.05.20"]
[Round "1"]
[White "Lin Ta (CHN)"]
[Black "Zhou Jianchao (CHN)"]
[Result "0-1"]
[WhiteElo "2386"]
[BlackElo "2522"]

1.d4 d5 2.Nf3 Nf6 3.c4 c6 4.e3 Bf5 5.Nbd2 e6 6.Be2 Nbd7 7.O-O Bd6 8.h3 Ne4
9.Nxe4 dxe4 10.Ne1 Qh4 11.Bg4 Bxg4 12.Qxg4 Qxg4 13.hxg4 g5 14.b3 h5 15.gxh5
Rxh5 16.g3 Ke7 17.Kg2 Rah8 18.Rg1 Nf6 19.Kf1 Rh2 20.Ng2 Ng4 21.c5 Bc7 22.Ke2
R8h3 23.Bd2 Bxg3 24.fxg3 Rxg3 25.Kf1 Rf3+ 26.Ke1 Rf2 {#R} 0-1

[Event "Olympiad (w)"]
[Site "masterchessopen.com Turin (Italy)"]
[Date "2006.06.04"]
[Round "13"]
[White "Gilbert Jessie (ENG)"]
[Black "Rantanen Tanja (FIN)"]
[Result "1-0"]
[WhiteElo "2139"]
[BlackElo "2117"]

1.d4 d5 2.c4 c6 3.Nf3 Nf6 4.e3 Bf5 5.cxd5 cxd5 6.Qb3 Qc8 7.Bd2 a6 8.Nc3 e6
9.Rc1 Nc6 10.Na4 Rb8 11.Bxa6 Bd6 12.Rxc6 bxc6 13.Bxc8 Rxb3 14.axb3 Bd3 15.Ne5
Bxe5 16.dxe5 Ng4 17.Nc5 Bb5 18.Bc3 {#r} 1-0

[Event "Ch Slovakia"]
[Site "masterchessopen.com Banska Stiavnica (Slovakia)"]
[Date "2006.07.08"]
[Round "1"]
[White "Likavsky Tomas (SVK)"]
[Black "Timoscenko Gennadij (SVK)"]
[Result "1-0"]
[WhiteElo "2480"]
[BlackElo "2495"]

1.d4 d5 2.c4 c6 3.Nf3 Nf6 4.e3 Bf5 5.Nc3 e6 6.Nh4 Be4 7.f3 Bg6 8.Bd2 Be7 9.Qb3
Qc7 10.cxd5 Nxd5 11.Nxg6 hxg6 12.O-O-O Nd7 13.Nxd5 exd5 14.Kb1 O-O-O 15.e4
dxe4 16.fxe4 Nf6 17.Qxf7 Rxd4 18.Be2 Bd6 19.Qxg6 Rxh2 20.Bc3 Rxd1+ 21.Rxd1 Kb8
22.Bxf6 {#r} 1-0

[Event "Ch MinPros (b)"]
[Site "masterchessopen.com Nizhnij Novgorod (Russia)"]
[Round "0"]
[White "Nesterov Dmitry (RUS)"]
[Black "Kotov Dmitry (RUS)"]
[Result "1-0"]
[WhiteElo "1994"]
[BlackElo "2133"]

1.d4 Nf6 2.Nf3 d5 3.c4 c6 4.e3 Bf5 5.Nc3 e6 6.cxd5 cxd5 7.Bd3 Bxd3 8.Qxd3 Nc6
9.O-O Be7 10.Bd2 O-O 11.Rfc1 Rc8 12.Na4 Ne4 13.Nc5 Nxd2 14.Qxd2 b6 15.Nd3 Qd6
16.Nfe5 Na5 17.b3 f6 18.Nf3 Qd7 19.Qb2 Bd6 20.g3 {#r} 1-0

[Event "Ch Italy (juniors) (under 20)"]
[Site "masterchessopen.com Bratto (Italy)"]
[Date "2006.08.26"]
[Round "8"]
[White "Torrisi Andrea (ITA)"]
[Black "De-Filomeno Simone (ITA)"]
[Result "0-1"]
[WhiteElo "1867"]
[BlackElo "1971"]

1.d4 d5 2.Nf3 Nf6 3.c4 c6 4.e3 Bf5 5.cxd5 cxd5 6.Qb3 Qb6 7.Qxb6 axb6 8.Bb5+
Bd7 9.Nc3 Nc6 10.Ne5 e6 11.Bd2 Bd6 12.f4 Ke7 13.Rc1 Bb4 14.Nxd7 Nxd7 15.a3
Bxc3 16.Bxc3 Rhc8 17.Ke2 Nf6 18.Rc2 Rc7 19.Rhc1 Rac8 20.h3 Ne4 21.Bb4+ Kd8
22.Bf8 Nxd4+ {#R} 0-1

[Event "Ch Europe (juniors) (under 10)"]
[Site "masterchessopen.com Herceg Novi (Montenegro)"]
[Date "2006.09.12"]
[Round "3"]
[White "Shabanov Nurlan (AZE)"]
[Black "Jokic Stefan (BIH)"]
[Result "1-0"]
[WhiteElo "1980"]
[BlackElo "1647"]

1.d4 d5 2.c4 c6 3.Nf3 Nf6 4.e3 Bf5 5.Nc3 e6 6.Nh4 Bg4 7.Qb3 b6 8.h3 Bf5 9.Nxf5
exf5 10.cxd5 Nxd5 11.Bc4 Nxc3 12.Bxf7+ Kd7 13.bxc3 Qe7 14.Bc4 b5 15.Bd3 f4
16.O-O f3 17.Bf5+ Kd8 18.g3 Qf6 19.e4 g6 20.Qe6 Qxe6 21.Bxe6 Bg7 22.Ba3 Re8
23.Bg4 Rxe4 24.Bxf3 Re8 25.Rfe1 {#r} 1-0

[Event "Ch Uzbekistan (juniors)"]
[Site "masterchessopen.com Tashkent (Uzbekistan)"]
[Date "2006.09.23"]
[Round "7"]
[White "Bozorov Makhsum (UZB)"]
[Black "Gubaydullin Talgat"]
[Result "0-1"]
[WhiteElo "2249"]
[BlackElo "2200"]

1.d4 Nf6 2.Nf3 d5 3.c4 c6 4.e3 Bf5 5.Nc3 e6 6.Bd3 Bxd3 7.Qxd3 Bb4 8.O-O O-O
9.a3 Bxc3 10.bxc3 Nbd7 11.Nd2 e5 12.f3 Re8 13.e4 dxe4 14.fxe4 Nc5 15.Qg3 Ncxe4
16.Nxe4 Nxe4 17.Qf3 exd4 18.Qxf7+ Kh8 19.Rb1 Re7 20.Qf5 dxc3 21.Bf4 Qd4+ {#R}
0-1

[Event "It (open)"]
[Site "masterchessopen.com Alcala de Henares (Spain)"]
[Date "2006.10.10"]
[Round "4"]
[White "Pogorelov Ruslan (UKR)"]
[Black "Garcia Ruido Ricardo (ESP)"]
[Result "1-0"]
[WhiteElo "2462"]
[BlackElo "2179"]

1.Nf3 d5 2.d4 Nf6 3.c4 c6 4.e3 Bf5 5.Nc3 e6 6.Nh4 Bg6 7.Qb3 Qb6 8.Nxg6 hxg6
9.g3 Nbd7 10.Bg2 Qa6 11.Bf1 Qb6 12.Bd2 Be7 13.Be2 O-O 14.O-O dxc4 15.Bxc4 e5
16.dxe5 Qxb3 17.Bxb3 Nxe5 18.f4 Nd3 19.e4 Bc5+ 20.Kg2 Ng4 21.h3 Ne3+ 22.Bxe3
Bxe3 23.Rf3 {#r} 1-0

[Event "It (open) \"]
[Site "masterchessopen.com Athens (Greece)"]
[Date "2006.11.25"]
[Round "7"]
[White "Koerant Filipos (GRE)"]
[Black "Savoglou Nikolaos (GRE)"]
[Result "1-0"]
[WhiteElo "2099"]
[BlackElo "1929"]

1.d4 d5 2.c4 c6 3.Nf3 Nf6 4.e3 Bf5 5.Qb3 Qb6 6.Nc3 e6 7.Bd2 Qxb3 8.axb3 Bc2
9.c5 Bxb3 10.Bd3 Nbd7 11.O-O Be7 12.Ra3 Bc4 13.Bxc4 dxc4 14.Rfa1 a6 15.b3 cxb3
16.Rxb3 Rb8 17.Rab1 O-O 18.Rxb7 Rfe8 19.g4 Rxb7 20.Rxb7 Nb8 21.Ne5 Nd5 22.Nxd5
exd5 23.Rc7 f6 24.Nxc6 Bd8 25.Rc8 {#r} 1-0

[Event "It"]
[Site "masterchessopen.com Asuncion (Paraguay)"]
[Date "2006.12.05"]
[Round "1"]
[White "Kropff Ricardo (PAR)"]
[Black "Deus Fo Joaquim (BRA)"]
[Result "1-0"]
[WhiteElo "2329"]
[BlackElo "2064"]

1.d4 d5 2.Nf3 c6 3.c4 Nf6 4.e3 Bf5 5.Nc3 e6 6.Nh4 Bg4 7.Qb3 Qb6 8.h3 Bh5 9.g4
Bg6 10.Nxg6 hxg6 11.Bg2 Nbd7 12.Bd2 Qxb3 13.axb3 Bb4 14.Ke2 O-O 15.Nxd5 Nxd5
16.cxd5 Bxd2 17.dxc6 Bb4 18.cxd7 Rfb8 19.Rhc1 Bd6 20.Rxa7 {#r} 1-0

[Event "It (open)"]
[Site "masterchessopen.com Verona (Italy)"]
[Date "2007.01.06"]
[Round "6"]
[White "Tramalloni Luca (ITA)"]
[Black "Cardili Mariano (ITA)"]
[Result "0-1"]
[WhiteElo "2095"]
[BlackElo "2100"]

1.d4 d5 2.c4 c6 3.Nf3 Nf6 4.e3 Bf5 5.Nc3 e6 6.Nh4 Bg6 7.Nxg6 hxg6 8.g3 Nbd7
9.f4 Bb4 10.Bd2 Bxc3 11.Bxc3 Ne4 12.Bd3 {#R} 0-1

[Event "Ch City (1/2 final)"]
[Site "masterchessopen.com Voronezh (Russia)"]
[Date "2007.02.11"]
[Round "6"]
[White "Gerasko Viacheslav (RUS)"]
[Black "Kalienko Mikhail (RUS)"]
[Result "0-1"]
[WhiteElo "2046"]
[BlackElo "2004"]

1.d4 d5 2.c4 c6 3.Nf3 Nf6 4.e3 Bf5 5.Nc3 e6 6.Be2 Bd6 7.Nh4 Bg6 8.Nxg6 hxg6
9.h3 Nbd7 10.Qc2 Rc8 11.c5 Bb8 12.e4 Nxe4 13.Nxe4 dxe4 14.Qxe4 Nf6 15.Qd3 O-O
16.O-O Re8 17.g3 e5 18.Qb3 exd4 19.Bd3 Qd7 20.Bxg6 Nd5 21.Bh5 Qxh3 22.Bf3 {#R}
0-1

[Event "It (open)"]
[Site "masterchessopen.com Mar del Plata (Argentina)"]
[Date "2007.04.01"]
[Round "3"]
[White "Fernandez Fernando (PER)"]
[Black "Goldwaser Christian (ARG)"]
[Result "0-1"]
[WhiteElo "2261"]
[BlackElo "2331"]

1.d4 d5 2.c4 c6 3.Nf3 Nf6 4.e3 Bf5 5.Nc3 e6 6.Nh4 Bg6 7.Nxg6 hxg6 8.Bd2 Nbd7
9.Rc1 Be7 10.Be2 dxc4 11.Bxc4 Qb6 12.Qb3 Rd8 13.O-O Qc7 14.f4 g5 15.e4 Nc5
16.Qc2 Rxd4 17.Be2 gxf4 18.b4 f3 {#R} 0-1

[Event "Cup Mitropa (w)"]
[Site "masterchessopen.com Szeged (Hungary)"]
[Date "2007.05.10"]
[Round "3"]
[White "Ignacz Maria (HUN)"]
[Black "Toth Lili (HUN)"]
[Result "1-0"]
[WhiteElo "2223"]
[BlackElo "2231"]

1.d4 d5 2.c4 c6 3.Nf3 Nf6 4.e3 Bf5 5.Nc3 e6 6.Bd3 Bxd3 7.Qxd3 Nbd7 8.O-O Bb4
9.Nd2 O-O 10.e4 dxc4 11.Nxc4 Bxc3 12.bxc3 Nc5 13.Qe3 Ncxe4 14.Ba3 Re8 15.f3 b5
16.fxe4 bxc4 17.Qf4 Qd7 18.Rf3 e5 19.dxe5 Ng4 20.Bd6 Qe6 21.Raf1 h6 22.Rg3
Nxe5 23.Bxe5 Qxe5 24.Qxf7+ Kh8 25.Qxc4 Qxe4 26.Rf8+ {#r} 1-0

[Event "It"]
[Site "masterchessopen.com Dhaka (Bangladesh)"]
[Round "6"]
[White "Ghaem Maghami Ehsan (IRI)"]
[Black "Lodhi Mahmood (PAK)"]
[Result "1-0"]
[WhiteElo "2591"]
[BlackElo "2396"]

1.Nf3 d5 2.c4 c6 3.d4 Nf6 4.e3 Bf5 5.cxd5 cxd5 6.Qb3 Qb6 7.Qxb6 axb6 8.Nc3 e6
9.Bb5+ Nfd7 10.Ne5 Bb4 11.Bd2 Ra5 12.a4 Ra8 13.Rc1 Bd6 14.Nxd5 O-O 15.Nxd7
exd5 16.Nxf8 Kxf8 17.Ke2 Nd7 18.f3 Nf6 19.Rhe1 {#r} 1-0

[Event "Tournament (open)"]
[Site "masterchessopen.com Omsk (Russia)"]
[Date "2007.06.25"]
[Round "7"]
[White "Ledovskih Viktor (RUS)"]
[Black "Feofanov Alexander (RUS)"]
[Result "0-1"]
[WhiteElo "1518"]
[BlackElo "1750"]

1.d4 Nf6 2.c4 c6 3.Nf3 d5 4.e3 Bf5 5.Nc3 e6 6.Nh4 Bg6 7.Nxg6 hxg6 8.cxd5 exd5
9.a3 Bd6 10.h3 Nbd7 11.Be2 Rc8 12.b4 Nb6 13.Qb3 Bb8 14.a4 O-O 15.Ba3 Re8 16.a5
Nbd7 17.Bf3 Nh5 18.Qd1 Qh4 19.Bg4 Rxe3+ 20.Ne2 Rce8 21.O-O Rxe2 22.Bxe2 Qf4
23.g3 Nxg3 24.Kg2 Nxe2 25.Rh1 Qe4+ 26.f3 Qh4 {#R} 0-1

[Event "It (open) \"]
[Site "masterchessopen.com Berdsk (Russia)"]
[Date "2007.07.09"]
[Round "2"]
[White "Uliashev Pavel (RUS)"]
[Black "Dolgov Alexander (RUS)"]
[Result "1-0"]
[WhiteElo "2285"]
[BlackElo "2043"]

1.d4 Nf6 2.Nf3 d5 3.c4 c6 4.e3 Bf5 5.Nc3 e6 6.Be2 Be7 7.O-O O-O 8.Nh4 Bg6
9.Nxg6 hxg6 10.Qc2 Nbd7 11.b3 Rc8 12.Rd1 Qc7 13.Bb2 Rfd8 14.Rac1 a6 15.Qb1 Qb8
16.g3 b5 17.cxd5 cxd5 18.Bf3 Nb6 19.Ne2 Rxc1 20.Rxc1 Rc8 21.Nc3 a5 22.Re1 a4
{#r} 1-0

[Event "It \"]
[Site "masterchessopen.com Peterhof (Russia)"]
[Date "2007.08.09"]
[Round "4"]
[White "Utkin Vladimir (RUS)"]
[Black "Kotov Viktor (RUS)"]
[Result "0-1"]
[WhiteElo "2075"]
[BlackElo "2358"]

1.d4 d5 2.Nf3 Nf6 3.c4 c6 4.e3 Bf5 5.cxd5 cxd5 6.Nc3 Nc6 7.Bb5 Bd7 8.O-O e6
9.Bd2 Bd6 10.Rc1 O-O 11.a3 a6 12.Bd3 e5 13.dxe5 Nxe5 14.Nxe5 Bxe5 15.Nxd5 Nxd5
16.Qh5 f5 17.Bc4 Be6 18.Bb4 Qe8 19.Qxe8 Rfxe8 20.Ba5 b5 21.Ba2 Nb6 {#R} 0-1

[Event "Ch State New York"]
[Site "masterchessopen.com New York (USA)"]
[Date "2007.09.01"]
[Round "2"]
[White "Dougherty Michael (CAN)"]
[Black "Thaler Michael (USA)"]
[Result "1-0"]
[WhiteElo "2192"]
[BlackElo "2086"]

1.d4 d5 2.Nf3 c6 3.c4 Nf6 4.e3 Bf5 5.Nc3 e6 6.Bd3 Bg6 7.O-O Nbd7 8.Re1 Be7
9.e4 dxe4 10.Nxe4 Nxe4 11.Bxe4 Nf6 12.Bxg6 hxg6 13.Bf4 Bd6 14.Bg5 Qc7 15.h3
Be7 16.Qb3 O-O 17.Rad1 Rfd8 18.Ne5 Rac8 19.Rd3 c5 20.d5 Nxd5 21.Nxf7 Kxf7
22.cxd5 Bxg5 23.dxe6+ Ke8 24.e7 Rxd3 25.Qg8+ Kd7 26.e8=Q+ {#r} 1-0

[Event "Ch Asia"]
[Site "masterchessopen.com Cebu (Philippines)"]
[Date "2007.09.19"]
[Round "1"]
[White "Le Quang Liem (VIE)"]
[Black "Ardeshi Mehrdad (IRI)"]
[Result "1-0"]
[WhiteElo "2534"]
[BlackElo "2399"]

1.d4 Nf6 2.c4 c6 3.Nf3 d5 4.e3 Bf5 5.Nc3 e6 6.Nh4 Be4 7.f3 Bg6 8.Qb3 Qc7 9.g4
Bd6 10.g5 Nfd7 11.cxd5 exd5 12.f4 Nb6 13.Be2 Qe7 14.Rg1 f5 15.gxf6 Qxf6
16.Nxg6 hxg6 17.a4 Qe7 18.Bd2 Bb4 19.a5 Nc8 20.O-O-O Rxh2 21.Nxd5 Bxd2+
22.Rxd2 Qf7 23.Nc7+ {#r} 1-0

[Event "It (open)"]
[Site "masterchessopen.com Portoroz (Slovenia)"]
[Date "2007.09.28"]
[Round "1"]
[White "Berni Alen (CRO)"]
[Black "Jeric Simon (SLO)"]
[Result "0-1"]
[WhiteElo "1820"]
[BlackElo "2301"]

1.d4 d5 2.c4 c6 3.Nf3 Nf6 4.e3 Bf5 5.Nc3 e6 6.Bd2 Nbd7 7.cxd5 exd5 8.Be2 Bd6
9.O-O O-O 10.Rc1 Re8 11.h3 h6 12.Be1 Ne4 13.Nxe4 dxe4 14.Nd2 Qg5 15.Bg4 Nf6
16.Bxf5 Qxf5 17.Nc4 Bc7 18.Bb4 Rad8 19.Nd2 Nd5 20.Bc5 Bb8 21.Nb3 Re6 22.Qe2
Rg6 23.Kh1 Qg5 24.f4 Qg3 25.Qe1 Qxg2# 0-1

[Event "Memorial Joan Casals (cat.7)"]
[Site "masterchessopen.com Mao (Spain)"]
[Date "2007.10.30"]
[Round "7"]
[White "Mirzoev Azer (AZE)"]
[Black "Huerga Leache Mikel (ESP)"]
[WhiteElo "2545"]
[BlackElo "2440"]

1.d4 d5 2.c4 c6 3.Nf3 Nf6 4.e3 Bf5 5.cxd5 cxd5 6.Qb3 Qb6 7.Qxb6 axb6 8.Nc3 e6
9.Bd2 Nc6 10.Nh4 Be4 11.f3 Bg6 12.Bb5 Bb4 13.Ke2 Bc2 14.Rhc1 Bxc3 15.Bxc3 Ba4
16.Bd3 Na7 17.g3 Bb5 18.Ng2 g5 19.h3 h5 20.Rh1 *

[Event "Czech League 2007/08 (2nd) (d)"]
[Site "masterchessopen.com Czech Republic"]
[Date "2007.11.18"]
[Round "3"]
[White "Rosko Lubos (CZE)"]
[Black "Cerveny Martin (CZE)"]
[Result "1-0"]
[WhiteElo "2232"]
[BlackElo "2291"]

1.d4 d5 2.c4 c6 3.Nf3 Nf6 4.e3 Bf5 5.cxd5 cxd5 6.Qb3 Qb6 7.Qxb6 axb6 8.Nc3 e6
9.Bb5+ Nfd7 10.Ne5 Bb4 11.Bd2 Ke7 12.Nxd5+ exd5 13.Bxb4+ Ke6 14.Nd3 g5 15.Rc1
Na6 16.Ba3 Rhc8 17.Rxc8 Rxc8 18.Kd2 Nf6 19.f3 Ne8 20.h4 h6 21.g4 Bg6 22.hxg5
hxg5 23.f4 {#r} 1-0

[Event "It (open)"]
[Site "masterchessopen.com Zurich (Switzerland)"]
[Date "2007.12.29"]
[Round "6"]
[White "Shengelia Davit (AUT)"]
[Black "Dresen Ulrich (GER)"]
[Result "1-0"]
[WhiteElo "2569"]
[BlackElo "2315"]

1.d4 d5 2.Nf3 Nf6 3.c4 c6 4.e3 Bf5 5.Nc3 e6 6.Nh4 Be4 7.f3 Bg6 8.Qb3 Qc7 9.Bd2
Nbd7 10.cxd5 exd5 11.O-O-O O-O-O 12.Nxg6 hxg6 13.e4 Qb6 14.Qa4 a6 15.e5 Ne8
{#r} 1-0